Statistics for Chemistry AQA Mechanisms

Click here to take the quiz!

General Stats

  • This quiz has been taken 77 times
  • The average score is 7 of 15

Answer Stats

HintAnswer% Correct
Starting colour of potassium dichromateOrange
83%
Used for dehydration of alcoholsH2SO4
74%
Used for as the reagent for the silver mirror test.Tollen's
73%
Functional group of the monomers in addition polymerisation.Alkene
71%
Reagent for oxidation of primary alcohol to aldehyde to carboxylic acidAcidified potassium dichromate
69%
Condition required for free radical substitution.UV light
66%
What is added to fats to produce soapsSodium hydroxide
50%
Catalyst for reduction of nitrile to amines.Nickel
47%
Reagent for the elimenation of a halogenoalkane to an alkene.KOH
37%
What is used to remove the Cl from an acyl chloride in a Friedel-Crafts acylation.AlCl3
31%
Catalyst for the addition of water to an alkene/ hydration.Phosphoric acid
29%
2 reagants used to add nitro group (nitration) to benzene.Concentrated HNO3 and H2SO4
27%
Opposite of this reagent for reduction of carboxylic acid to aldehyde to primary alcohol.NaBH4
24%
Catalysts for reduction of nitrobenzeneSn and HCL
20%
Added to fats to make biodieselMethanol
17%

Score Distribution

Percentile by Number Answered

Percent of People with Each Score

Your Score History

You have not taken this quiz